000 00594nam a2200241Ia 4500
003 OSt
005 20221007082250.0
006 a|||||r|||| 00| 0
007 ta
008 221006b |||||||| |||| 00| 0 eng d
024 _a24,003
037 _cTextual
040 _aFLL
_cFLL
_beng
041 _2eng
_aeng
082 _aZ2:211:M94gt, L0
110 _aGovt. of India
245 0 _aLand acquisition review committee
260 _c1970
300 _ax,1-323p
_ccm.
700 _aGovt. of India
942 _hZ2:211:M94gt, L0
_cTEXL
_2CC
999 _c1165858
_d1165858